000 00795cam0a220022900 4500
001 lce00548345
008 831121s1958 nyua 000 0 eng
010 _a 57013012 /L/r852
035 _a(Sirsi) r86305
035 _a(DLC) 57013012 /L/r852
035 _a(UPRA)lce00548345
040 _aDLC/ICU
_cICU
050 0 _aQA862.G9
_bS36
082 0 _a531.34
_a531.2*
100 1 _aScarborough, James B. (James Blaine), 1885-
_qScarborough, James B. (James Blaine), 1885-
_dScarborough, James B. (James Blaine), 1885-
_6A45672.1
245 1 4 _aThe gyroscope;
_btheory and applications.
260 _aNew York,
_bInterscience Publishers
_c[1958]
504 _aBibliography: p. 245.
650 0 _aGyroscopes.
_6S35458.1
949 _aQA862.G9
_wlcc
_i-119961
_mMAIN
_tBOOK
_lON-SHELF
004 86305
999 _c98314
_d98314